América Latina y la situación monetaria internacional / (Registro nro. 8232)
[ vista simple ]
| 000 -LEADER | |
|---|---|
| fixed length control field | 02115nam a2200205Ia 4500 |
| 003 - CONTROL NUMBER IDENTIFIER | |
| control field | OSt |
| 005 - DATE AND TIME OF LATEST TRANSACTION | |
| control field | 20210804123317.0 |
| 008 - FIXED-LENGTH DATA ELEMENTS--GENERAL INFORMATION | |
| fixed length control field | 210310s1971 ck fr 100 0 spa d |
| 040 ## - CATALOGING SOURCE | |
| Original cataloging agency | CO-JMCR |
| Transcribing agency | CO-JMCR |
| 041 0# - LANGUAGE CODE | |
| Language code of text/sound track or separate title | spa |
| 082 04 - DEWEY DECIMAL CLASSIFICATION NUMBER | |
| Classification number | 332.498 / |
| Item number | R444a |
| Edition number | 23 |
| 111 2# - MAIN ENTRY--MEETING NAME | |
| Meeting name or jurisdiction name as entry element | Reunión de gobernadores de Bancos Centrales Latinoamericanos y 8° Reunión de gobernadores latinoamericanos y de Filipinas |
| Number of part/section/meeting | (13° : |
| Date of meeting or treaty signing | 1971 : |
| Location of meeting | Bogotá) |
| 9 (RLIN) | 39048 |
| 245 10 - TITLE STATEMENT | |
| Title | América Latina y la situación monetaria internacional / |
| Statement of responsibility, etc. | Reunión de gobernadores de Bancos Centrales Latinoamericanos y 8° Reunión de gobernadores latinoamericanos y de Filipinas |
| 260 ## - PUBLICATION, DISTRIBUTION, ETC. | |
| Place of publication, distribution, etc. | Bogotá : |
| Name of publisher, distributor, etc. | Banco de la República, |
| Date of publication, distribution, etc. | 1971 |
| 300 ## - PHYSICAL DESCRIPTION | |
| Extent | 85 páginas ; |
| Dimensions | 23 cm. |
| 500 ## - GENERAL NOTE | |
| General note | Título en caratula. |
| 505 0# - FORMATTED CONTENTS NOTE | |
| Formatted contents note | Discurso pronunciado por el Gerente General del Banco de la República, doctor Germán Botero de los Ríos, en la sesión inaugural de la Décima Tercera Reunión de Gobernadores de Bancos Centrales Latinoamericanos. -- Exposición del señor Luis Ugueto, Director Ejecutivo del Fondo Monetario Internacional ante la VIII Reunión de Gobernadores Latinoamericanos y de Filipinas del Fondo Monetario Internacional y el Banco Internacional de Re construcción y Fomento. -- Exposición del señor Alexandre Kafka, Director Ejecutivo del Fondo Monetario Internacional. -- Algunas observaciones sobre la crisis monetaria internacional de Carlos Massad A., Director Ejecutivo del Fondo Monetario Internacional. -- América Latina y la crisis monetaria internacional. Discurso pronunciado por el señor Ministro de Hacienda de Colombia, doctor Rodrigo Llorente en la sesión inaugural de la Octava Asamblea de Gobernadores Latinoamericanos y de Filipinas ante el Fondo Monetario Internacional y el Banco Internacional de Reconstrucción y Fomento. -- Discurso pronunciado por el señor Rodrigo Llorente Martínez, Ministro de Hacienda y Crédito Público y Gobernador por Colombia, en las deliberaciones anuales conjuntas en Washington. |
| 650 14 - SUBJECT ADDED ENTRY--TOPICAL TERM | |
| Topical term or geographic name entry element | Cuestión monetaria |
| 9 (RLIN) | 16698 |
| General subdivision | Congresos, conferencias, etc. |
| Geographic subdivision | América Latina |
| 942 ## - ADDED ENTRY ELEMENTS (KOHA) | |
| Source of classification or shelving scheme | Dewey Decimal Classification |
| Koha item type | Books |
| Withdrawn status | Lost status | Source of classification or shelving scheme | Damaged status | Not for loan | Collection code | Home library | Current library | Date acquired | Source of acquisition | Full call number | Barcode | Date last seen | Copy number | Koha item type |
|---|---|---|---|---|---|---|---|---|---|---|---|---|---|---|
| Dewey Decimal Classification | Non-fiction | Biblioteca Pública José María del Castillo y Rada | Biblioteca Pública José María del Castillo y Rada | 04/15/2018 | Donación | 332.498 / R444a | 430002793 | 05/16/2024 | Ej.1 | Books |